000 00541nam a2200193Ia 4500
003 LDD
008 181029s9999 xx 000 0 und d
020 _a189288984
_c1945.00
040 _cLDD
100 _aCasson, Mark
245 4 _aThe oxford handbook of entrepreneurship
_cMark Casson
260 _aNew York
_bOxford
_c2006
300 _axviii, 790
365 _b1945.00
901 _a3638
_b08-01-2007
902 _a7332
_b22-02-2007
_cF
_dUPPAL
_e65
903 _aDiscount-10
_bReqst by : Subodh
942 _2ddc
_cBK
999 _c78154
_d78154